[Event "BCF-ch U10 rapid"]
[Site "Hull"]
[Date "2024.07.26"]
[Round "5"]
[White "Singh, Adamjeet"]
[Black "Carter, Benjamin"]
[Result "1-0"]
[WhiteElo "1450"]
[BlackElo "1121"]
[PlyCount "53"]
[EventDate "2024.07.26"]
[EventType "swiss (rapid)"]
[EventRounds "9"]
[EventCountry "ENG"]
[SourceTitle "CBM 221 Extra"]
[Source "ChessBase"]
[SourceDate "2024.09.30"]
[SourceVersion "1"]
[SourceVersionDate "2024.09.30"]
[SourceQuality "1"]

1. e4 e5 2. Nf3 Nc6 3. Bc4 Bc5 4. b4 Bxb4 5. c3 Ba5 6. Qb3 Qe7 7. Ba3 d6 8. d4 exd4 9. 0-0 Nf6 10. Re1 Be6 11. Qxb7 0-0 12. Qxc6 dxc3 13. e5 Bxc4 14. Qxc4 c2 15. Nc3 Bxc3 16. Qxc3 Nd5 17. Qxc2 Qd7 18. Rad1 Nb6 19. exd6 c6 20. Re7 Qc8 21. d7 Nxd7 22. Rexd7 Qa6 23. Bxf8 Rxf8 24. Ng5 g6 25. h4 h6 26. Nxf7 Rxf7 27. Qxg6+ 1-0

[Event "BCF-ch U10 blitz"]
[Site "Hull"]
[Date "2024.07.25"]
[Round "9"]
[White "Carter, Benjamin"]
[Black "Sharma, Ansh"]
[Result "0-1"]
[WhiteElo "1121"]
[BlackElo "847"]
[PlyCount "96"]
[EventDate "2024.07.25"]
[EventType "swiss (blitz)"]
[EventRounds "9"]
[EventCountry "ENG"]
[SourceTitle "CBM 221 Extra"]
[Source "ChessBase"]
[SourceDate "2024.09.30"]
[SourceVersion "1"]
[SourceVersionDate "2024.09.30"]
[SourceQuality "1"]

1. e4 e5 2. Nf3 Nc6 3. Bc4 Nf6 4. d4 exd4 5. Nxd4 Bc5 6. Nxc6 dxc6 7. Bg5 Qe7 8. Nc3 Bb4 9. 0-0 Be6 10. Bxe6 fxe6 11. e5 h6 12. exf6 gxf6 13. Be3 Rg8 14. Bxh6 Bd6 15. Qh5+ Kd7 16. Rad1 Rh8 17. Ne4 Kc8 18. Nxd6+ cxd6 19. Rfe1 Qh7 20. Rxe6 Qxh6 21. Qxh6 Rxh6 22. Rxf6 Rxf6 23. Re1 Kc7 24. Re7+ Kb6 25. f3 Raf8 26. Re3 Rf4 27. Rb3+ Kc7 28. Ra3 a6 29. b3 Re8 30. Kf2 Kb6 31. c4 Kc5 32. Ra5+ Kb4 33. Ra4+ Kc3 34. b4 Kxc4 35. b5+ Kxb5 36. Rxf4 c5 37. h4 Rh8 38. g3 c4 39. Ke3 d5 40. Kd4 Kc6 41. Rf6+ Kd7 42. Kxd5 c3 43. Re6 Re8 44. Rd6+ Kc7 45. Rf6 c2 46. Rf7+ Kb6 47. Rf6+ Ka7 48. Rf5 c1Q 0-1

[Event "BCF-ch U10 blitz"]
[Site "Hull"]
[Date "2024.07.25"]
[Round "6"]
[White "Suresh, Karun"]
[Black "Carter, Benjamin"]
[Result "0-1"]
[WhiteElo "1012"]
[BlackElo "1121"]
[PlyCount "88"]
[EventDate "2024.07.25"]
[EventType "swiss (blitz)"]
[EventRounds "9"]
[EventCountry "ENG"]
[SourceTitle "CBM 221 Extra"]
[Source "ChessBase"]
[SourceDate "2024.09.30"]
[SourceVersion "1"]
[SourceVersionDate "2024.09.30"]
[SourceQuality "1"]

1. e4 e5 2. Nf3 Nc6 3. Bc4 Bc5 4. 0-0 Nf6 5. Nc3 d6 6. h3 Be6 7. Nd5 0-0 8. d3 h6 9. c3 Na5 10. Nxf6+ Qxf6 11. Bb3 Nxb3 12. axb3 c6 13. d4 exd4 14. cxd4 Bb6 15. e5 dxe5 16. dxe5 Qd8 17. Be3 Qxd1 18. Raxd1 Bxe3 19. fxe3 Bxb3 20. Rd4 Rad8 21. Rg4 f5 22. exf6 Rxf6 23. Kh2 Rd1 24. Rxd1 Bxd1 25. Rf4 Rxf4 26. exf4 Bxf3 27. gxf3 Kf7 28. Kg2 Kf6 29. Kf2 Kf5 30. Ke3 g6 31. h4 h5 32. b3 b6 33. b4 b5 34. Kf2 Kxf4 35. Kg2 g5 36. hxg5 Kxg5 37. Kf2 Kf4 38. Ke2 h4 39. Kf2 h3 40. Kg1 Kxf3 41. Kh2 Ke3 42. Kh1 Kd4 43. Kh2 Kc4 44. Kh1 Kxb4 0-1